000 00564nam a2200193 a 4500
005 20140310183329.0
008 060811s19uu xx 00 eng d
020 _a0072230924
050 _aT 385
_b.K3525 2003
100 _aKarlins, David
245 _aHow to do everything with Illustrator CS /
_cDavid Karlins.
260 _aNew York :
_bMcGraw-Hill/Osborne,
_c2003.
300 _a377 p. :
_bcol. ill. ;
_c23 cm.
521 _aIT
650 _aAdobe Illustrator (Computer file).
650 _aComputer graphics.
942 _cBK
_2lcc
_kFOR
999 _c21515
_d21515